000 00282nam a22001337a 4500
003 SGT
020 _a9781472534408
082 _a747
_bYAT
100 _aYATES DEREK
245 _aCOMMUNICATION DESIGN
260 _aUSA
_bBLOOMSBURY PUB
_c2015
300 _a207
942 _2ddc
_cBK
999 _c34506
_d34506